ბათუმის შოთა რუსთაველის სახელმწიფო უნივერსიტეტის ბიბლიოთეკა

Афины / (ბიბ.ჩანაწერი № 60734)

000 -LEADER
fixed length control field 00527nam a22001697a 4500
005 - DATE AND TIME OF LATEST TRANSACTION
control field 20231016153723.0
008 - FIXED-LENGTH DATA ELEMENTS--GENERAL INFORMATION
fixed length control field 231016s1967 ru ||||| |||| 00| 0 rus d
041 ## - LANGUAGE CODE
Language code of text/sound track or separate title rus
080 ## - UNIVERSAL DECIMAL CLASSIFICATION NUMBER
Universal Decimal Classification number 94(495.112) +711.424 С-33
100 ## - MAIN ENTRY--PERSONAL NAME
Personal name Сидорова Н.А.
9 (RLIN) 20090
245 ## - TITLE STATEMENT
Title Афины /
Statement of responsibility, etc. Н.А. Сидорова.
264 ## - PRODUCTION, PUBLICATION, DISTRIBUTION, MANUFACTURE, AND COPYRIGHT NOTICE
Place of production, publication, distribution, manufacture Москва :
Name of producer, publisher, distributor, manufacturer Искусство,
Date of production, publication, distribution, manufacture, or copyright notice 1967.
300 ## - PHYSICAL DESCRIPTION
Extent 174 стр.:
Other physical details илл.;
Dimensions 17 см.
440 ## - SERIES STATEMENT/ADDED ENTRY--TITLE
Title Города и музеи мира
9 (RLIN) 20091
653 ## - INDEX TERM--UNCONTROLLED
keyword ათენი
942 ## - ADDED ENTRY ELEMENTS (KOHA)
Source of classification or shelving scheme
Koha item type წიგნი
ეგზემპლარები
Withdrawn status Lost status Source of classification or shelving scheme Damaged status Not for loan Permanent Location Current Location Shelving location Date acquired Cost, normal purchase price Full call number Barcode Date last seen Copy number Uniform Resource Identifier Price effective from Koha item type Public note
          ბათუმის შოთა რუსთაველის სახელმწიფო უნივერსიტეტის მთავარი ბიბლიოთეკა ბათუმის შოთა რუსთაველის სახელმწიფო უნივერსიტეტის მთავარი ბიბლიოთეკა წიგნსაცავი 2023-10-16 4.00 94(495.112) +711.424 С-33 65308 2023-10-16 65308 ბსუ-ს საპატიო დოქტორის გურამ ლორთქიფანიძის საჩუქარი 2023-10-16 წიგნი 4 ლ.